Habiter la terre : Ecoformation terrestre pour une conscience planétaire (notice n° 2185810)

détails MARC
000 -LEADER
fixed length control field 01085cam a2200169 4500500
005 - DATE AND TIME OF LATEST TRANSACTION
control field 20260405052525.0
041 ## - LANGUAGE CODE
Language code of text/sound track or separate title fre
042 ## - AUTHENTICATION CODE
Authentication code dc
100 10 - MAIN ENTRY--PERSONAL NAME
Personal name Cottereau, Dominique
Relator term author
245 00 - TITLE STATEMENT
Title Habiter la terre : Ecoformation terrestre pour une conscience planétaire
260 ## - PUBLICATION, DISTRIBUTION, ETC.
Name of publisher, distributor, etc. L'Harmattan,<br/>
Date of publication, distribution, etc. 2005.<br/>
520 ## - SUMMARY, ETC.
Summary, etc. Habiter la terre&amp;#8239;! Opération individuelle et collective effectuée par l’humanité depuis des millénaires. Notre génération découvre qu’elle peut la laisser inhabitable pour les générations futures. Apprendre à habiter la terre ressort comme l’objectif unificateur d’une écoformation terrestre, à la portée de chacun et à la grandeur du monde. Ce livre s’inscrit dans l’émergence mondiale d’un mouvement d’écopédagogie planétaire provoquée par la crise généralisée de l’habiter.
700 10 - ADDED ENTRY--PERSONAL NAME
Personal name Pineau, Gaston
Relator term author
700 10 - ADDED ENTRY--PERSONAL NAME
Personal name Moneyron, Anne
Relator term author
700 10 - ADDED ENTRY--PERSONAL NAME
Personal name Bachelart, Dominique
Relator term author
856 41 - ELECTRONIC LOCATION AND ACCESS
Uniform Resource Identifier <a href="https://shs.cairn.info/habiter-la-terre--9782747582421?lang=fr&redirect-ssocas=7080">https://shs.cairn.info/habiter-la-terre--9782747582421?lang=fr&redirect-ssocas=7080</a>

Pas d'exemplaire disponible.

PLUDOC

PLUDOC est la plateforme unique et centralisée de gestion des bibliothèques physiques et numériques de Guinée administré par le CEDUST. Elle est la plus grande base de données de ressources documentaires pour les Étudiants, Enseignants chercheurs et Chercheurs de Guinée.

Adresse

627 919 101/664 919 101

25 boulevard du commerce
Kaloum, Conakry, Guinée

Réseaux sociaux

Powered by Netsen Group @ 2025